Correspondencia donde se da respuesta al Tribunal de la Inquisición mostrando su desacuerdo con las resoluciones que ha tomado el Tribunal

Detalles Bibliográficos
Formato: Libro
Publicado: México, s.f.
Materias:
Colección:Banco de datos
Acervo:Biblioteca Palafoxiana. Colección de Manuscritos
Descripción Física:2 f. ; 31 x 21 cm.
Tema general:Eclesiástica
LEADER 00448nam a22001330004500
035 |a 1653 
245 1 0 |a Correspondencia donde se da respuesta al Tribunal de la Inquisición mostrando su desacuerdo con las resoluciones que ha tomado el Tribunal 
260 |a México, s.f. 
300 |a 2 f. ; 31 x 21 cm. 
650 1 0 |a Eclesiástica 
949 |a 32282/074 
942 |c PALAMANU 
943 |g Biblioteca Palafoxiana. Colección de Manuscritos 
999 |c 1069598  |d 1069598